| 000 | 00539cam a22001932 4500 | ||
|---|---|---|---|
| 001 | 0000000545 | ||
| 005 | 20151217155803.0 | ||
| 008 | 070208s xx 000 0 eng d | ||
| 040 |
_aKABU _cKABU |
||
| 050 | 0 |
_aD7 _b.B87 |
|
| 100 | 1 |
_aBurton, Richard. _@0000148765 |
|
| 245 | 1 | 0 | _aSelected papers on anthropology, travel and exploration. |
| 260 |
_aLondon : _bA. M. Philpot, _c1924. |
||
| 300 | _a240 p. | ||
| 650 | 0 |
_aHistory. _@0000148766 |
|
| 908 | _a070208 | ||
| 950 | _@1 | ||
| 999 |
_c12394 _d12394 |
||